Biggest Cities Beginning With 'S' - Statistics

General Stats
  • This quiz has been taken 57 times
  • The average score is 78 of 458
Answer Stats
Population Country City % Correct
5,351,935 Russia Saint Petersburg
98%
873,965 United States San Francisco
98%
9,668,465 South Korea Seoul
98%
20,217,748 China Shànghăi
98%
3,547,809 Singapore Singapore
98%
4,321,535 Australia Sydney
98%
1,937,451 Yemen Sanaa
96%
5,220,161 Chile Santiago
96%
108,414 Philippines Santiago
96%
550,753 Dominican Republic Santiago de los Caballeros
96%
1,238,438 Bulgaria Sofia
96%
1,453,500 Costa Rica San José
94%
1,013,240 United States San Jose
94%
118,807 Philippines San Jose
94%
2,581,827 Dominican Republic Santo Domingo
94%
12,325,232 Brazil São Paulo
94%
258,308 United States St. Petersburg
94%
975,904 Sweden Stockholm
86%
1,386,932 United States San Diego
84%
737,015 United States Seattle
82%
209,633 El Salvador San Salvador
80%
696,731 Bosnia and Herzegovina Sarajevo
80%
524,943 United States Sacramento
78%
1,434,625 United States San Antonio
78%
512,000 Argentina San Juan
78%
381,931 Puerto Rico (US) San Juan
78%
121,430 Philippines San Juan
78%
1,883,027 Japan Sapporo
76%
209,752 Senegal Saint-Louis
75%
2,886,698 Brazil Salvador
75%
301,578 United States St. Louis
73%
295,476 Bolivia Sucre
73%
685,368 United Kingdom Sheffield
71%
703,206 Spain Sevilla
69%
589,793 Germany Stuttgart
69%
474,889 North Macedonia Skopje
67%
246,201 United Kingdom Southampton
65%
104,519 Réunion (France) Saint-Paul
63%
1,170,910 Russia Samara
63%
158,508 Iraq Sāmarrā
63%
108,145 Philippines Santa Cruz
63%
1,722,480 Bolivia Santa Cruz de la Sierra
63%
222,417 Spain Santa Cruz de Tenerife
63%
109,897 Brazil Santa Cruz do Capibaribe
63%
311,527 United States St. Paul
63%
2,374,658 Indonesia Surabaya
63%
540,200 Argentina Santa Fe
59%
10,358,381 China Shēnzhèn
59%
148,620 United States Syracuse
59%
890,403 Morocco Salé
57%
5,718,232 China Shĕnyáng
55%
108,860 Canada St. John's
55%
199,723 United States Salt Lake City
53%
270,216 Philippines San Pedro
51%
164,944 Cote d'Ivoire San-Pédro
51%
122,627 Mexico San Pedro Garza García
51%
2,894,504 India Surat
51%
185,913 Fiji Suva
51%
416,263 Ukraine (Crimea) Sevastopol
49%
155,929 United States Springfield, IL
49%
114,394 United States Springfield, MA
49%
169,176 United States Springfield, MI
49%
283,677 Brazil Santa Maria
47%
109,707 United States Santa Maria
47%
147,780 United States Savannah
47%
153,377 Austria Salzburg
45%
310,227 United States Santa Ana
45%
277,264 El Salvador Santa Ana
45%
3,644,017 China Shàntóu
45%
274,845 France Strasbourg
45%
778,396 India Salem
43%
175,535 United States Salem
43%
222,101 United States San Bernardino
43%
1,108,975 Brazil São Luís
43%
176,314 Croatia Split
43%
801,259 Honduras San Pedro Sula
41%
1,249,942 Iran Shiraz
41%
320,804 United States Stockton
41%
555,308 Indonesia Surakarta
41%
192,517 United States Sioux Falls
39%
327,608 Russia Sochi
39%
1,063,103 Japan Sendai
37%
4,083,923 China Sūzhōu
37%
407,811 Poland Szczecin
37%
214,200 Argentina San Luis
35%
433,656 Brazil Santos
35%
187,593 United States Shreveport
35%
228,989 United States Spokane
35%
740,874 Egypt Suez
35%
300,352 United Kingdom Swansea
35%
278,885 El Salvador San Miguel
33%
902,200 Argentina San Miguel de Tucumán
33%
217,556 Cuba Santa Clara
33%
127,647 United States Santa Clara
33%
863,725 Russia Saratov
33%
3,095,219 China Shíjiāzhuāng
33%
228,673 United States Santa Clarita
31%
216,650 Philippines Santa Rosa
31%
178,127 United States Santa Rosa
31%
115,900 Argentina Santa Rosa
31%
372,775 United Kingdom Stoke-on-Trent
31%
246,376 Canada Saskatoon
29%
1,288,084 Indonesia Semarang
29%
272,801 Tunisia Sfax
29%
176,280 France Saint-Étienne
27%
134,327 Philippines San Mateo
27%
105,661 United States San Mateo
27%
1,324,473 United Arab Emirates Sharjah
27%
221,530 Tunisia Sousse
27%
160,169 Mexico Salamanca
25%
155,619 Spain Salamanca
25%
722,772 Mexico San Luis Potosí
25%
241,361 United States Scottsdale
25%
147,931 Réunion (France) Saint-Denis
24%
319,366 Uzbekistan Samarkand
24%
103,453 United States South Bend
24%
295,310 United Kingdom Southend-on-Sea
24%
185,609 United Kingdom Swindon
24%
182,700 Spain Santander
22%
433,406 Cuba Santiago de Cuba
22%
336,460 Ukraine (Crimea) Simferopol
22%
115,826 Sri Lanka Sri Jayewardenepura Kotte
22%
335,415 United Kingdom Sunderland
22%
181,227 Germany Saarbrücken
20%
163,542 United States Salinas
20%
139,458 Cambodia Siem Reap
20%
139,052 United Kingdom Stockport
20%
517,887 Canada Surrey
20%
320,991 Russia Smolensk
18%
121,610 Norway Stavanger
18%
125,797 Italy Salerno
16%
394,050 Turkey Samsun
16%
538,612 Colombia Santa Marta
16%
163,554 Lebanon Sidon
16%
975,857 India Srinagar
16%
134,346 United States Sterling Heights
16%
644,400 Argentina Salta
14%
709,671 Mexico Saltillo
14%
251,248 Philippines San Fernando
14%
166,400 Venezuela San Fernando de Apure
14%
207,577 Philippines San Pablo
14%
108,445 United States Sparks
14%
135,470 United States Stamford
14%
363,064 Russia Stavropol
14%
1,193,350 Japan Saitama
12%
368,355 Brazil São Vicente
12%
701,561 Japan Shizuoka
12%
163,777 United Kingdom Slough
12%
102,976 United States Spokane Valley
12%
102,555 United Kingdom St Helens
12%
155,805 United States Sunnyvale
12%
143,148 United States Surprise
12%
164,883 Hungary Szeged
12%
119,736 Brazil Salto
10%
104,011 Uruguay Salto
10%
284,600 Venezuela San Cristóbal
10%
138,455 Dominican Republic San Cristóbal
10%
112,065 El Salvador San Martín
10%
100,400 Argentina San Martín
10%
268,347 Mexico Santa Catarina
10%
123,987 Guatemala Santa Lucía Cotzumalguapa
10%
123,096 Brazil Santana
10%
306,480 Brazil Santarém
10%
596,700 China Sānyà
10%
472,906 Brazil São João de Meriti
10%
250,181 Brazil São José
10%
527,240 Brazil Serra
10%
1,725,726 China Shàoxīng
10%
612,900 China Shàoyáng
10%
414,032 Kazakhstan Shymkent
10%
126,356 United States Simi Valley
10%
164,359 Germany Solingen
10%
163,140 Oman Şalālah
8%
108,080 United States Sandy Springs
8%
258,900 Paraguay San Lorenzo
8%
315,019 Panama San Miguelito
8%
844,483 Brazil São Bernardo do Campo
8%
303,394 Russia Saransk
8%
255,396 Iran Sari
8%
237,816 Oman Seeb
8%
726,267 China Sháoguān
8%
329,639 Nigeria Sokoto
8%
665,021 Colombia Soledad
8%
687,357 Brazil Sorocaba
8%
100,000 Serbia Subotica
8%
783,376 China Sùqiān
8%
187,600 United Kingdom Sutton
8%
1,186,078 South Korea Suwon
8%
206,493 Spain Sabadell
6%
145,949 Canada Saguenay
6%
141,900 Argentina San Nicolás de los Arroyos
6%
443,273 Mexico San Nicolás de los Garza
6%
132,500 Argentina San Rafael
6%
721,368 Brazil Santo André
6%
254,484 Brazil São Carlos
6%
464,983 Brazil São José do Rio Preto
6%
329,058 Brazil São José dos Pinhais
6%
117,110 Portugal Setúbal
6%
218,958 China Shāhé
6%
931,300 China Shāngqiū
6%
298,975 China Shàngráo
6%
370,608 China Shànwĕi
6%
207,945 China Shēnzhōu
6%
161,323 Canada Sherbrooke
6%
173,503 India Shimla
6%
130,587 Lithuania Šiauliai
6%
151,894 Romania Sibiu
6%
107,242 Germany Siegen
6%
146,005 Brazil Sinop
6%
509,107 China Sìpíng
6%
264,022 Turkey Sivas
6%
997,281 India Solāpur
6%
464,999 China Sōngyuán
6%
125,535 Indonesia Sorong
6%
284,659 El Salvador Soyapango
6%
147,152 Jamaica Spanish Town
6%
111,026 United States Sugar Land
6%
393,173 China Suízhōu
6%
300,559 Brazil Suzano
6%
165,236 Japan Saga
4%
101,079 Germany Salzgitter
4%
334,836 Chile San Bernardo
4%
449,549 Turkey Şanlıurfa
4%
158,089 Mexico San Luis Río Colorado
4%
362,000 China Sānmíng
4%
119,717 Spain Santa Coloma de Gramenet
4%
220,444 Brazil Santa Luzia
4%
626,495 Mexico Santiago de Querétaro
4%
729,737 Brazil São José dos Campos
4%
106,049 Brazil São Pedro da Aldeia
4%
257,778 India Satna
4%
228,342 Ghana Sekondi
4%
372,917 Malaysia Seremban
4%
134,246 Japan Seto
4%
724,016 China Shíyàn
4%
226,618 Mali Sikasso
4%
143,431 Bulgaria Stara Zagora
4%
133,113 Canada St. Catharines
4%
364,225 China Suíhuà
4%
286,211 Brazil Sumaré
4%
300,367 Russia Surgut
4%
191,477 Japan Suzuka
4%
237,000 Bangladesh Sylhet
4%
189,338 Russia Syzran
4%
308,508 Morocco Safi
2%
484,873 India Sahāranpur
2%
146,598 France Saint-Quentin-en-Yvelines
2%
782,339 Japan Sakai
2%
182,549 Japan Sakura
2%
172,645 Indonesia Salatiga
2%
159,893 Russia Salavat
2%
101,614 Russia Salihorsk
2%
127,447 Egypt Samālūṭ
2%
131,800 Argentina San Carlos de Bariloche
2%
158,027 Mexico San Cristóbal de las Casas
2%
392,288 Malaysia Sandakan
2%
138,878 Mexico San Juan del Río
2%
478,000 China Sānménxiá
2%
123,158 Sudan Sannār
2%
156,191 Mexico San Pablo de las Salinas
2%
185,255 Dominican Republic San Pedro de Macorís
2%
353,200 Argentina San Salvador de Jujuy
2%
194,390 Brazil Santa Bárbara d'Oeste
2%
142,301 Brazil Santana de Parnaíba
2%
139,908 El Salvador Santa Tecla
2%
401,800 Argentina Santiago del Estero
2%
161,957 Brazil São Caetano do Sul
2%
238,648 Brazil São Leopoldo
2%
132,642 Brazil São Mateus
2%
112,490 Romania Satu Mare
2%
247,333 India Saugor
2%
248,174 Egypt Sawhāj
2%
355,831 South Korea Sejong
2%
940,064 South Korea Seongnam
2%
164,767 Indonesia Serang
2%
109,252 Russia Sergiyev Posad
2%
128,158 Russia Serpukhov
2%
194,292 Russia Severodvinsk
2%
221,312 Russia Shakhty
2%
113,000 Russia Shchelkovo
2%
345,674 China Shèngzhōu
2%
245,786 Japan Shimonoseki
2%
553,000 China Shíshī
2%
164,215 India Shivpuri
2%
462,313 China Shuòzhōu
2%
477,396 Pakistan Sialkot
2%
156,691 Cambodia Sihanoukville
2%
114,034 Turkey Siirt
2%
199,932 India Sīkar
2%
515,574 India Siliguri
2%
293,951 Colombia Sincelejo
2%
101,838 Indonesia Singkawang
2%
164,435 India Sītāpur
2%
175,341 Turkey Siverek
2%
124,800 Ukraine Sloviansk
2%
753,548 Colombia Soacha
2%
145,100 Ethiopia Sodo
2%
131,105 Colombia Sogamoso
2%
108,274 Oman Sohar
2%
109,200 Togo Sokodé
2%
139,606 Sweden Sollentuna
2%
150,932 Indonesia Soreang
2%
227,295 Poland Sosnowiec
2%
113,568 United States Spring Hill
2%
226,977 Russia Staryy Oskol
2%
267,231 Russia Sterlitamak
2%
767,000 China Suìníng
2%
351,630 Japan Suita
2%
276,414 Indonesia Sukabumi
2%
110,368 India Sultānpur
2%
265,150 Azerbaijan Sumqayıt
2%
294,456 Ukraine Sumy
2%
205,618 United States Sunrise Manor
2%
127,201 Thailand Surat Thani
2%
107,030 United Kingdom Sutton Coldfield
2%
130,000 Ukraine Syevyerodonets'k
2%
355,831 Russia Syktyvkar
2%
101,600 Hungary Székesfehérvár
2%
139,163 Kuwait Şabāḩ as Sālim
0%
100,049 Colombia Sabanalarga
0%
226,183 Iran Sabzevar
0%
208,913 Bolivia Sacaba
0%
203,588 Vietnam Sa Đéc
0%
189,876 Pakistan Sadiqabad
0%
110,233 Colombia Sahagún
0%
145,764 India Saharsa
0%
235,695 Pakistan Sahiwal
0%
142,497 Algeria Saïda
0%
199,422 Bangladesh Saidpur
0%
128,332 Saudi Arabia Sakakah
0%
100,446 Japan Sakata
0%
355,160 Indonesia Samarinda
0%
162,887 India Sambalpur
0%
196,109 India Sambhal
0%
388,920 Thailand Samut Prakan
0%
349,176 Iran Sanandaj
0%
109,189 Cuba Sancti Spíritus
0%
174,300 Venezuela San Felipe
0%
132,725 Dominican Republic San Francisco de Macorís
0%
601,214 India Sāngli
0%
386,902 China Sānhé
0%
357,828 Philippines San Jose del Monte
0%
151,600 Venezuela San Juan de los Morros
0%
278,200 Guatemala San Juan Sacatepéquez
0%
153,714 China Sanshui
0%
131,365 Brazil Santa Cruz do Sul
0%
137,349 Brazil Santa Rita
0%
102,380 Brazil Santo Antônio de Jesus
0%
270,875 Ecuador Santo Domingo de los Colorados
0%
298,976 Philippines Santol
0%
114,079 Brazil São Lourenço da Mata
0%
109,576 Nigeria Sapele
0%
151,237 Iran Saqqez
0%
542,603 Pakistan Sargodha
0%
310,100 North Korea Sariwŏn
0%
237,444 Japan Sasebo
0%
112,793 India Satara
0%
128,918 Bangladesh Sātkhira
0%
175,533 Iran Sāveh
0%
108,612 India Sawāi Mādhopur
0%
114,069 Indonesia Sawangan
0%
160,843 Japan Sayama
0%
204,182 India Secunderabad
0%
133,501 Mali Ségou
0%
292,780 Kazakhstan Semey
0%
124,826 Iran Semnan
0%
118,451 Brazil Senador Canedo
0%
182,169 South Korea Seogwipo
0%
101,379 India Seoni
0%
212,050 Malaysia Sepang
0%
118,439 Indonesia Sepatan
0%
150,525 India Serilingampalle
0%
127,142 Brazil Sertãozinho
0%
241,835 Brazil Sete Lagoas
0%
252,127 Algeria Sétif
0%
142,250 Morocco Settat
0%
109,844 Russia Seversk
0%
481,654 Malaysia Shah Alam
0%
320,434 India Shāhjānpur
0%
200,000 Pakistan Shahkot
0%
129,153 Iran Shahr-e Kord
0%
131,889 Iran Shahrud
0%
102,420 Bangladesh Shāhzādpur
0%
156,781 China Shāngluò
0%
130,000 China Shangri-La
0%
269,699 China Shàngzhì
0%
149,983 India Shāntipur
0%
191,500 China Shàowŭ
0%
147,800 Ethiopia Shashemene
0%
498,780 China Shashi
0%
361,303 Pakistan Shekhupura
0%
306,450 China Shengli
0%
282,650 China Shénmù
0%
107,419 Bangladesh Sherpur
0%
378,701 Bangladesh Shibganj
0%
249,611 Egypt Shibīn al-Kawm
0%
219,000 China Shífāng
0%
313,768 China Shíhézi
0%
156,901 Pakistan Shikarpur
0%
319,550 India Shimoga
0%
103,795 Tanzania Shinyanga
0%
213,851 China Shíshŏu
0%
450,300 China Shízuĭshān
0%
476,274 China Shòuguāng
0%
226,317 India Shrīrāmpur
0%
130,710 China Shuangcheng
0%
180,700 China Shuāngliáo
0%
481,110 China Shuāngyāshān
0%
254,850 China Shūlán
0%
117,623 China Shunyi
0%
441,956 India Shyamnagar
0%
198,239 Malaysia Sibu
0%
210,146 Algeria Sidi bel Abbès
0%
139,189 Indonesia Sidoarjo
0%
355,709 China Sìhuì
0%
119,475 Philippines Silang
0%
152,393 India Silchar
0%
135,783 Brazil Simões Filho
0%
133,784 Indonesia Singaraja
0%
185,580 India Singrauli
0%
288,112 North Korea Sinŭiju
0%
178,916 Thailand Si Racha
0%
127,481 Bangladesh Sirajganj
0%
207,645 Iran Sirjan
0%
181,639 India Sirsa
0%
177,743 Myanmar Sittwe
0%
600,000 Indonesia Situbondo
0%
119,181 India Siwān
0%
182,903 Algeria Skikda
0%
210,711 Brazil Sobral
0%
114,453 Vietnam Sóc Trăng
0%
231,445 Japan Sōka
0%
255,015 Mexico Soledad de Graciano Sánchez
0%
100,812 Russia Solikamsk
0%
130,000 Bangladesh Sonārgaon
0%
203,309 Tanzania Songea
0%
152,425 North Korea Songnim
0%
271,514 China Sōngzī
0%
250,521 India Sonīpat
0%
153,479 Algeria Souk Ahras
0%
1,303,569 Indonesia South Tangerang
0%
215,597 United States Spring Valley
0%
642,100 Malaysia Subang Jaya
0%
105,796 Romania Suceava
0%
128,363 China Suífēnhé
0%
183,808 India Sūjāngarh
0%
148,113 China Sujiatun
0%
417,767 Pakistan Sukkur
0%
105,075 Nigeria Suleja
0%
204,200 Peru Sullana
0%
124,204 Tanzania Sumbawanga
0%
200,000 Indonesia Sumedang
0%
282,189 South Korea Suncheon
0%
437,000 North Korea Sunch’ŏn
0%
228,843 Malaysia Sungai Petani
0%
157,914 Indonesia Sunggal
0%
179,628 India Surendranagar
0%
111,729 India Suriāpet
0%
No matching quizzes found
Score Distribution
Percent of People with Each Score
Percentile by Number Answered
Your Score History
You have not taken this quiz